| Поле | Инд. | ПП | Название | Значение |
|---|---|---|---|---|
| Тип записи | a | |||
| Библиографический уровень | a | |||
| 001 | Контрольный номер | ac4b2f56ccb04909a6c2f4257133c195 | ||
| 005 | Дата корректировки | 20160512081853.1 | ||
| 040 | a | Служба первич. каталог. | НБ ТвГУ | |
| b | Код языка каталог. | rus | ||
| e | Правила каталог. | PSBO | ||
| 041 | 0_ | a | Код языка текста | rus |
| 097 | b | Оператор | komarovaES | |
| 100 | 1_ | a | Автор | Жирнова Г. Е. |
| 245 | 10 | a | Заглавие | Указатели главнейшей литературы о болотах и торфяниках... |
| 260 | a | Место издания | Тверь | |
| b | Издательство | Альфа-Пресс | ||
| 520 | 0_ | a | Аннотация | Статья посвящена указателям главнейшей литературы о болотах и торфяниках. Библиография и книговедение - науки неординарные. Основательное познание составляет существенную часть истории народного просвещения, истории развития науки, культуры, просто истории государства. |
| 653 | 0_ | a | Ключевые слова | Наука |
| a | Ключевые слова | Торфяники | ||
| a | Ключевые слова | Болота | ||
| a | Ключевые слова | Промышленность | ||
| a | Ключевые слова | Краеведение | ||
| 700 | 12 | a | Другие авторы | Соткина Е. А. |
| 773 | 18 | w | Контрольный № источника | 5a2dc17c-0e6d-4d4f-8754-63ff228157d4 |
| t | Название источника | Краеведческие исследования библиотек | ||
| d | Место и дата издания | Тверь : Альфа-Пресс, 2004 | ||
| g | Прочая информация | С. 15-21 | ||
| 901 | t | Тип документа | a | |
| 920 | a | Оператор | Кома |